[Event "BL2-Sued 1819"]
[Site "Germany"]
[Date "2018.11.11"]
[Round "2.8"]
[White "Maier, Christian"]
[Black "Gross, Willi"]
[Result "1/2-1/2"]
[WhiteElo "2400"]
[BlackElo "2122"]
[PlyCount "67"]
[EventDate "2018.11.10"]
[EventType "team-tourn"]
[EventRounds "10"]
[EventCountry "GER"]
[SourceTitle "CBM 190 Extra"]
[Source "ChessBase"]
[SourceDate "2019.07.15"]
[SourceVersion "1"]
[SourceVersionDate "2019.07.15"]
[SourceQuality "1"]
[WhiteTeam "Emmendingen"]
[BlackTeam "Bad Mergentheim"]
[WhiteTeamCountry "GER"]
[BlackTeamCountry "GER"]

1. e4 c5 2. Nf3 g6 3. Nc3 Bg7 4. a3 Nc6 5. Bc4 e6 6. 0-0 Nge7 7. Re1 d6 8. b4 b6 9. bxc5 bxc5 10. Rb1 0-0 11. h3 d5 12. exd5 exd5 13. Bf1 Nf5 14. a4 Nfd4 15. Nxd4 Nxd4 16. Ne2 Nxe2+ 17. Bxe2 Bd7 18. Bb5 a6 19. Bxd7 Qxd7 20. Qg4 f5 21. Qf3 Rfe8 22. Ba3 c4 23. a5 Re6 24. Rxe6 Qxe6 25. Qe3 Re8 26. Qxe6+ Rxe6 27. Rb8+ Kf7 28. Rb7+ Kg8 29. Kf1 c3 30. d3 Bh6 31. Rb8+ Kf7 32. Rb7+ Kg8 33. Rb8+ Kf7 34. Rb7+ 1/2-1/2

[Event "Oberliga Baden 1718"]
[Site "Baden"]
[Date "2017.10.22"]
[Round "2.5"]
[White "Eppinger, Georg"]
[Black "Gross, Willi"]
[Result "1-0"]
[WhiteElo "2214"]
[BlackElo "2113"]
[PlyCount "61"]
[EventDate "2017.10.08"]
[EventType "team-tourn"]
[EventRounds "9"]
[EventCountry "GER"]
[SourceTitle "EXT 2019"]
[Source "ChessBase"]
[SourceDate "2018.10.10"]
[SourceVersion "1"]
[SourceVersionDate "2018.10.10"]
[SourceQuality "1"]
[WhiteTeam "Dreisamtal"]
[BlackTeam "Bad Mergentheim"]
[WhiteTeamCountry "GER"]
[BlackTeamCountry "GER"]

1. e4 c5 2. c3 Nf6 3. e5 Nd5 4. d4 cxd4 5. Nf3 Nc6 6. cxd4 d6 7. Bc4 dxe5 8. Nxe5 e6 9. 0-0 Be7 10. Qh5 0-0 11. Rd1 g6 12. Qe2 Bg5 13. Nc3 Nxc3 14. bxc3 Bxc1 15. Raxc1 Qc7 16. Ng4 b6 17. Rd3 Qf4 18. Rdd1 h5 19. Ne3 Bb7 20. d5 exd5 21. Bxd5 Rad8 22. c4 Rfe8 23. Qb2 Qe5 24. Qb1 Qf6 25. c5 Na5 26. Qb5 Rxe3 27. Bxb7 Rxd1+ 28. Rxd1 Re5 29. Bd5 bxc5 30. Qxc5 Re2 31. Qxa5 1-0

[Event "London Classic op 8th"]
[Site "London"]
[Date "2016.12.14"]
[Round "7"]
[White "Cole, James"]
[Black "Gross, Willi"]
[Result "1-0"]
[WhiteElo "1827"]
[BlackElo "2144"]
[PlyCount "77"]
[EventDate "2016.12.09"]
[EventType "swiss"]
[EventRounds "9"]
[EventCountry "ENG"]
[SourceTitle "CBM 176 Extra"]
[Source "ChessBase"]
[SourceDate "2017.03.02"]
[SourceVersion "1"]
[SourceVersionDate "2017.03.02"]
[SourceQuality "1"]

1. e4 c5 2. Nf3 Nc6 3. Bb5 g6 4. Bxc6 bxc6 5. 0-0 Bg7 6. Re1 Nh6 7. c3 0-0 8. d4 cxd4 9. cxd4 d5 10. e5 f6 11. exf6 exf6 12. h3 Bf5 13. Nc3 g5 14. b3 Re8 15. Ba3 Be4 16. Bc5 Qd7 17. Nxe4 dxe4 18. Nd2 f5 19. Nc4 Re6 20. Qd2 Bf6 21. Rad1 Qg7 22. d5 Bc3 23. dxe6 Bxd2 24. Rxd2 Re8 25. e7 Qf6 26. Red1 Nf7 27. Rd7 g4 28. hxg4 fxg4 29. Rxa7 Qg5 30. Nd6 Rxe7 31. Ra8+ Kg7 32. Bd4+ Ne5 33. Nxe4 Qf4 34. Ng3 Kf7 35. Ra4 Rd7 36. Ra7 Rxa7 37. Bxa7 Qb4 38. Be3 Kg6 39. Rc1 1-0

[Event "BL2-Ost 1617"]
[Site "Germany"]
[Date "2016.12.03"]
[Round "5.7"]
[White "Gross, Willi"]
[Black "Troyke, Christian"]
[Result "1/2-1/2"]
[WhiteElo "2138"]
[BlackElo "2347"]
[PlyCount "93"]
[EventDate "2016.10.14"]
[EventType "team-tourn"]
[EventRounds "10"]
[EventCountry "GER"]
[SourceTitle "CBM 177 Extra"]
[Source "ChessBase"]
[SourceDate "2017.04.27"]
[SourceVersion "1"]
[SourceVersionDate "2017.04.27"]
[SourceQuality "1"]
[WhiteTeam "Bad Mergentheim"]
[BlackTeam "Erfurt"]
[WhiteTeamCountry "GER"]
[BlackTeamCountry "GER"]

1. d4 Nf6 2. c4 g6 3. Nc3 Bg7 4. e4 d6 5. Nf3 0-0 6. Be2 Bg4 7. 0-0 Nfd7 8. Be3 e5 9. d5 Bxf3 10. Bxf3 f5 11. exf5 gxf5 12. Qc1 a5 13. Be2 Na6 14. f4 Nac5 15. Rb1 Qe7 16. Re1 Rae8 17. Qc2 Qf7 18. Bf3 exf4 19. Bxf4 Ne5 20. Be2 Ng6 21. Bd2 Qf6 22. Nb5 Ne4 23. Be3 c6 24. Nc7 Bh6 25. Bf3 Bxe3+ 26. Rxe3 Rc8 27. Bxe4 Rxc7 28. Bf3 Ne5 29. Qc3 c5 30. Qxa5 Rg7 31. Qc3 f4 32. Re4 Kh8 33. Rbe1 Rg5 34. b3 Rfg8 35. R4e2 R8g6 36. a3 h5 37. b4 b6 38. bxc5 bxc5 39. Rb1 h4 40. Rb8+ Kg7 41. h3 Rg3 42. Rxe5 dxe5 43. Rc8 Qg5 44. Qb2 Qe7 45. Qb8 Kh6 46. Rh8+ Kg7 47. Rc8 1/2-1/2

[Event "BL2-Ost 1617"]
[Site "Germany"]
[Date "2016.10.16"]
[Round "2.8"]
[White "Gross, Willi"]
[Black "Kukov, Velislav"]
[Result "1/2-1/2"]
[WhiteElo "2138"]
[BlackElo "2358"]
[PlyCount "67"]
[EventDate "2016.10.14"]
[EventType "team-tourn"]
[EventRounds "10"]
[EventCountry "GER"]
[SourceTitle "CBM 175 Extra"]
[Source "ChessBase"]
[SourceDate "2016.12.12"]
[SourceVersion "1"]
[SourceVersionDate "2016.12.12"]
[SourceQuality "1"]
[WhiteTeam "Bad Mergentheim"]
[BlackTeam "Goeggingen"]
[WhiteTeamCountry "GER"]
[BlackTeamCountry "GER"]

1. d4 Nf6 2. Nf3 e6 3. e3 c5 4. Bd3 b6 5. 0-0 Be7 6. b3 0-0 7. Bb2 Ba6 8. Qe2 Bxd3 9. Qxd3 Nc6 10. c4 cxd4 11. Nxd4 Nxd4 12. Qxd4 d5 13. Nc3 dxc4 14. Qxc4 Qd2 15. Qe2 Qxe2 16. Nxe2 Rfd8 17. Rfd1 Rac8 18. Rxd8+ Rxd8 19. Nd4 Bc5 20. Nc6 Rd2 21. Bxf6 gxf6 22. Nxa7 f5 23. g3 e5 24. Nc6 f4 25. Nxe5 fxe3 26. fxe3 Bxe3+ 27. Kh1 Bd4 28. Nf3 Rxh2+ 29. Kxh2 Bxa1 30. a4 Kf8 31. Nd2 Ke7 32. Ne4 Bd4 33. b4 Ke6 34. a5 1/2-1/2

[Event "Budapest FS09 IM"]
[Site "Budapest"]
[Date "2016.09.10"]
[Round "7"]
[White "Szeberenyi, Adam"]
[Black "Gross, Willi"]
[Result "1-0"]
[WhiteElo "2381"]
[BlackElo "2143"]
[PlyCount "81"]
[EventDate "2016.09.03"]
[EventType "tourn"]
[EventRounds "9"]
[EventCountry "HUN"]
[SourceTitle "CBM 174 Extra"]
[Source "ChessBase"]
[SourceDate "2016.10.10"]
[SourceVersion "1"]
[SourceVersionDate "2016.10.10"]
[SourceQuality "1"]

1. d4 Nf6 2. c4 g6 3. Nc3 Bg7 4. Nf3 d6 5. Bg5 h6 6. Bh4 g5 7. Bg3 Nh5 8. e3 c5 9. Be2 cxd4 10. Nxd4 Nxg3 11. hxg3 Nc6 12. Qd2 Bd7 13. Rd1 Rc8 14. b3 Qa5 15. g4 a6 16. 0-0 h5 17. gxh5 Qe5 18. f4 gxf4 19. Rxf4 Bh6 20. Re4 Qg3 21. Nd5 f5 22. Nxc6 fxe4 23. Ncxe7 Rf8 24. Rf1 Bh3 25. Bd1 Rxf1+ 26. Kxf1 Qh2 27. Qf2 Qh1+ 28. Qg1 Bxg2+ 29. Kf2 Rc5 30. Qxg2 Qxd1 31. Qg6+ Kd7 32. Qxh6 Qf3+ 33. Ke1 Qh1+ 34. Kd2 Qg2+ 35. Kc3 Qxa2 36. Nf5 Qa1+ 37. Kd2 Qb2+ 38. Ke1 Qh2 39. Qg7+ Kc8 40. Qf8+ Kd7 41. Qe7+ 1-0

[Event "Budapest FS09 IM"]
[Site "Budapest"]
[Date "2016.09.05"]
[Round "3"]
[White "Gross, Willi"]
[Black "Kiremitciyan, Ari"]
[Result "1/2-1/2"]
[WhiteElo "2143"]
[BlackElo "2191"]
[PlyCount "37"]
[EventDate "2016.09.03"]
[EventType "tourn"]
[EventRounds "9"]
[EventCountry "HUN"]
[SourceTitle "CBM 174 Extra"]
[Source "ChessBase"]
[SourceDate "2016.10.10"]
[SourceVersion "1"]
[SourceVersionDate "2016.10.10"]
[SourceQuality "1"]

1. d4 d5 2. c4 c6 3. cxd5 cxd5 4. Bf4 Nc6 5. e3 Nf6 6. Nc3 a6 7. Bd3 Bg4 8. Nge2 Bxe2 9. Qxe2 e6 10. 0-0 Bd6 11. Bg5 h6 12. Bxf6 Qxf6 13. Rac1 0-0 14. a3 Rac8 15. Rc2 Na5 16. Na4 b5 17. Nc5 Bxc5 18. dxc5 Nb3 19. Rc3 1/2-1/2

[Event "BL2-Ost 1516"]
[Site "Germany"]
[Date "2016.03.12"]
[Round "3.8"]
[White "Gross, Willi"]
[Black "Wichmann, Cliff"]
[Result "1-0"]
[WhiteElo "2116"]
[BlackElo "2328"]
[PlyCount "101"]
[EventDate "2015.09.20"]
[EventType "team-tourn"]
[EventRounds "9"]
[EventCountry "GER"]
[SourceTitle "EXT 2017"]
[Source "ChessBase"]
[SourceDate "2016.10.25"]
[SourceVersion "1"]
[SourceVersionDate "2016.10.25"]
[SourceQuality "1"]
[WhiteTeam "Bad Mergentheim"]
[BlackTeam "Nickelhuette Aue"]
[WhiteTeamCountry "GER"]
[BlackTeamCountry "GER"]

1. d4 d5 2. c4 c6 3. cxd5 cxd5 4. Bf4 Nc6 5. e3 Nf6 6. Nc3 a6 7. Bd3 Bg4 8. Nge2 e6 9. 0-0 Bd6 10. f3 Bh5 11. Rc1 0-0 12. Na4 Bg6 13. Bxg6 hxg6 14. Bxd6 Qxd6 15. Nc5 b6 16. Nd3 Rfc8 17. Qd2 Nd7 18. b3 e5 19. dxe5 Ndxe5 20. Ndf4 Ne7 21. e4 Rxc1 22. Rxc1 Rd8 23. Nxd5 Nxd5 24. Rd1 Qc5+ 25. Kh1 Nc6 26. exd5 Ne7 27. Nc3 Nc8 28. Ne4 Qb5 29. d6 Qd7 30. Qd5 Kf8 31. h3 a5 32. a4 Qf5 33. Qc6 Qd7 34. Qd5 Qf5 35. Qd4 Qd7 36. Rd2 Re8 37. Rc2 Rd8 38. Rd2 Re8 39. Nc3 Rd8 40. Nb5 Qe6 41. Qh4 Rxd6 42. Nxd6 Nxd6 43. Qd8+ Ne8 44. Qd5 Qe1+ 45. Kh2 Kg8 46. Rd4 Nf6 47. Qd6 g5 48. Rd1 Qf2 49. Qd4 Qa2 50. Qxb6 Kh7 51. Qe3 1-0

[Event "BL2-Ost 1516"]
[Site "Germany"]
[Date "2016.02.21"]
[Round "10.8"]
[White "Gross, Willi"]
[Black "Roseneck, Jonas"]
[Result "1-0"]
[WhiteElo "2116"]
[BlackElo "2067"]
[PlyCount "103"]
[EventDate "2015.09.20"]
[EventType "team-tourn"]
[EventRounds "9"]
[EventCountry "GER"]
[SourceTitle "CBM 171 Extra"]
[Source "ChessBase"]
[SourceDate "2016.04.26"]
[SourceVersion "1"]
[SourceVersionDate "2016.04.26"]
[SourceQuality "1"]
[WhiteTeam "Bad Mergentheim"]
[BlackTeam "Magdeburg"]
[WhiteTeamCountry "GER"]
[BlackTeamCountry "GER"]

1. d4 Nf6 2. c4 g6 3. Nc3 Bg7 4. e4 d6 5. Nf3 0-0 6. Be2 e5 7. 0-0 Nc6 8. d5 Ne7 9. Bg5 h6 10. Bxf6 Bxf6 11. b4 Bg7 12. c5 f5 13. Bd3 f4 14. Be2 g5 15. Nd2 Ng6 16. Bg4 Nh4 17. f3 Qe8 18. g3 Bxg4 19. fxg4 Ng6 20. Qe2 Qd7 21. Rac1 Rac8 22. Nc4 Rf6 23. c6 bxc6 24. dxc6 Qxc6 25. Nd5 Rf7 26. Ncb6 Qb7 27. Nxc8 Qxc8 28. Rc6 f3 29. Rxf3 Qxg4 30. Rf2 Qxe2 31. Rxe2 Nf8 32. Rf2 Ne6 33. Rxf7 Kxf7 34. Nxc7 Bf6 35. Nxe6 Kxe6 36. Ra6 Bd8 37. Rc6 Kd7 38. b5 Bb6+ 39. Kg2 Bc5 40. g4 Bb6 41. Kf3 Bd4 42. h3 Bc5 43. Ke2 Bd4 44. Kd3 Bb6 45. Kc4 Ke6 46. Rc8 Kf7 47. Kd5 Bc5 48. a4 Kf6 49. Rc7 Bb6 50. Rd7 Bc5 51. Rxd6+ Bxd6 52. Kxd6 1-0

[Event "London Classic op 7th"]
[Site "London"]
[Date "2015.12.10"]
[Round "8"]
[White "Haussernot, Cecile"]
[Black "Gross, Willi"]
[Result "1/2-1/2"]
[WhiteElo "2242"]
[BlackElo "2095"]
[PlyCount "81"]
[EventDate "2015.12.04"]
[EventType "swiss"]
[EventRounds "9"]
[EventCountry "ENG"]
[SourceTitle "CBM 169 Extra"]
[Source "ChessBase"]
[SourceDate "2015.12.18"]
[SourceVersion "1"]
[SourceVersionDate "2015.12.18"]
[SourceQuality "1"]

1. e4 d6 2. d4 Nf6 3. Nc3 e5 4. Nge2 Be7 5. f3 c6 6. Be3 0-0 7. Qd2 Nbd7 8. g4 b5 9. Ng3 b4 10. Nce2 d5 11. g5 Ne8 12. 0-0-0 Nd6 13. b3 Qa5 14. Kb1 Nb6 15. dxe5 Nb5 16. Nf5 Bxf5 17. exf5 d4 18. Bxd4 Rfd8 19. Qe1 Rxd4 20. Rxd4 Bc5 21. Rd3 Nd5 22. a4 Nbc3+ 23. Kb2 Re8 24. Qg3 Nb6 25. Nxc3 bxc3+ 26. Kc1 Nd5 27. e6 fxe6 28. f6 Be3+ 29. Kd1 Qc5 30. g6 Nxf6 31. gxh7+ Kh8 32. f4 Nd5 33. Bh3 Bxf4 34. Qg6 Rf8 35. Rg1 Bh6 36. Qg3 Ne3+ 37. Rxe3 Qxe3 38. Qxe3 Bxe3 39. Rg3 Bd2 40. Ke2 Kxh7 41. b4 1/2-1/2

[Event "London Classic op 7th"]
[Site "London"]
[Date "2015.12.07"]
[Round "5"]
[White "Klingher, Dominic"]
[Black "Gross, Willi"]
[Result "0-1"]
[WhiteElo "1758"]
[BlackElo "2095"]
[PlyCount "66"]
[EventDate "2015.12.04"]
[EventType "swiss"]
[EventRounds "9"]
[EventCountry "ENG"]
[SourceTitle "CBM 169 Extra"]
[Source "ChessBase"]
[SourceDate "2015.12.18"]
[SourceVersion "1"]
[SourceVersionDate "2015.12.18"]
[SourceQuality "1"]

1. e4 d6 2. Nc3 c5 3. f4 g6 4. Bb5+ Bd7 5. Bc4 Nc6 6. Nf3 Bg7 7. 0-0 e6 8. d3 Nge7 9. Qe1 Na5 10. Bb3 h6 11. g4 Nxb3 12. axb3 f5 13. exf5 gxf5 14. g5 Qb6 15. Be3 a6 16. Qf2 Nc6 17. Rfe1 0-0-0 18. Na4 Qc7 19. d4 cxd4 20. Nxd4 Nxd4 21. Bxd4 Bxd4 22. Qxd4 hxg5 23. fxg5 e5 24. Nb6+ Kb8 25. Nxd7+ Rxd7 26. Qf2 Rdh7 27. Re2 f4 28. Qf3 Rh3 29. Qd5 Qb6+ 30. Kh1 f3 31. Rd2 f2 32. Qg2 Rxh2+ 33. Qxh2 Qc6+ 0-1

[Event "London Classic op 7th"]
[Site "London"]
[Date "2015.12.04"]
[Round "1"]
[White "Gross, Willi"]
[Black "Vishnu, Prasanna V"]
[Result "0-1"]
[WhiteElo "2095"]
[BlackElo "2514"]
[PlyCount "70"]
[EventDate "2015.12.04"]
[EventType "swiss"]
[EventRounds "9"]
[EventCountry "ENG"]
[SourceTitle "CBM 169 Extra"]
[Source "ChessBase"]
[SourceDate "2015.12.18"]
[SourceVersion "1"]
[SourceVersionDate "2015.12.18"]
[SourceQuality "1"]

1. d4 Nf6 2. c4 g6 3. Nc3 Bg7 4. e4 d6 5. Nf3 0-0 6. Be2 Na6 7. 0-0 e5 8. d5 Nc5 9. Qc2 a5 10. Bg5 h6 11. Bh4 g5 12. Bg3 Nh5 13. Ne1 Nf4 14. Nd3 b6 15. f3 f5 16. b3 Nfxd3 17. Bxd3 f4 18. Bf2 h5 19. a3 g4 20. b4 Nxd3 21. Qxd3 Qg5 22. Kh1 g3 23. Bg1 h4 24. Qd2 h3 25. hxg3 hxg2+ 26. Kxg2 axb4 27. Ne2 Qh5 28. g4 Bxg4 29. fxg4 Qxg4+ 30. Kh1 f3 31. Rf2 fxe2 32. Rxe2 Rxa3 33. Rae1 Qf3+ 34. Rg2 Rf4 35. Bh2 Rg4 0-1

[Event "Verbandsliga Nordbaden 1516"]
[Site "Baden"]
[Date "2015.09.27"]
[Round "1.2"]
[White "Gross, Willi"]
[Black "Chernov, Vadim A"]
[Result "1/2-1/2"]
[WhiteElo "2076"]
[BlackElo "2413"]
[PlyCount "113"]
[EventDate "2015.09.27"]
[EventType "team-tourn"]
[EventRounds "9"]
[EventCountry "GER"]
[SourceTitle "EXT 2022"]
[Source "ChessBase"]
[SourceDate "2021.10.06"]
[SourceVersion "1"]
[SourceVersionDate "2021.10.06"]
[SourceQuality "1"]
[WhiteTeam "Bad Mergentheim II"]
[BlackTeam "Ladenburg"]
[WhiteTeamCountry "GER"]
[BlackTeamCountry "GER"]

1. d4 Nf6 2. c4 e6 3. Nc3 Bb4 4. Bg5 c5 5. d5 d6 6. e3 exd5 7. cxd5 Nbd7 8. Bd3 Qa5 9. Nge2 Nxd5 10. 0-0 Bxc3 11. bxc3 c4 12. Bc2 0-0 13. Ng3 Nxc3 14. Qg4 Ne5 15. Qh4 Ng6 16. Bxg6 hxg6 17. Be7 Re8 18. Bxd6 Be6 19. e4 Qd8 20. Qf4 g5 21. Qe5 f6 22. Qxc3 Qxd6 23. Rab1 b6 24. a4 Qd3 25. Qb4 Rad8 26. Rfc1 Rd7 27. Rc3 Qd4 28. Rbc1 g4 29. Qb5 Red8 30. h3 gxh3 31. gxh3 Qe5 32. Qa6 Qf4 33. Qb5 Rd2 34. Rf1 Qe5 35. Qb4 R8d3 36. Ra3 Rb2 37. Qe7 Bxh3 38. Qxe5 fxe5 39. Rxd3 cxd3 40. Rd1 d2 41. Nf1 Bxf1 42. Kxf1 Kf7 43. f3 Ke6 44. Ke2 Kd6 45. Kd3 Kc5 46. Kc3 Rb4 47. Rxd2 Rc4+ 48. Kb3 Rd4 49. Rc2+ Kd6 50. Rg2 a5 51. Rxg7 Rb4+ 52. Ka3 Kc5 53. Rc7+ Kd4 54. Rd7+ Ke3 55. Re7 b5 56. axb5 Rxb5 57. Rf7 1/2-1/2

[Event "Verbandsliga Nordbaden 1415"]
[Site "Baden"]
[Date "2014.11.23"]
[Round "3.6"]
[White "Gross, Willi"]
[Black "Bitsch, Torsten"]
[Result "1-0"]
[WhiteElo "2061"]
[BlackElo "2015"]
[PlyCount "95"]
[EventDate "2014.10.12"]
[EventType "team-tourn"]
[EventRounds "9"]
[EventCountry "GER"]
[SourceTitle "EXT 2022"]
[Source "ChessBase"]
[SourceDate "2021.10.06"]
[SourceVersion "1"]
[SourceVersionDate "2021.10.06"]
[SourceQuality "1"]
[WhiteTeam "Bad Mergentheim II"]
[BlackTeam "Viernheim II"]
[WhiteTeamCountry "GER"]
[BlackTeamCountry "GER"]

1. d4 c5 2. d5 d6 3. c4 e5 4. e4 Nf6 5. Nc3 Be7 6. h3 0-0 7. Bd3 Nbd7 8. Be3 a6 9. g4 b5 10. cxb5 axb5 11. Bxb5 Ba6 12. Bxa6 Rxa6 13. Nge2 Nb6 14. b3 Nfd7 15. Qd2 Qa8 16. 0-0 Rb8 17. Qc2 c4 18. b4 Na4 19. Rfb1 Ndb6 20. Nxa4 Rxa4 21. Nc3 Ra3 22. Bc1 Ra7 23. a4 h5 24. Be3 Rab7 25. a5 Nd7 26. b5 Nc5 27. Bxc5 dxc5 28. Qe2 Ra7 29. a6 Rb6 30. Qxc4 hxg4 31. hxg4 Qc8 32. f3 Bg5 33. Kf2 Rf6 34. Ke2 Rh6 35. b6 Rh2+ 36. Kf1 Qd8 37. bxa7 Qf6 38. a8Q+ Kh7 39. Qe2 Qh6 40. Qg2 Rh1+ 41. Ke2 Rh2 42. Qxh2 Qxh2+ 43. Kd3 Qd2+ 44. Kc4 Qd4+ 45. Kb5 Qxc3 46. Rh1+ Bh6 47. Qc8 Qd3+ 48. Kc6 1-0

[Event "Verbandsliga Nordbaden 1415"]
[Site "Baden"]
[Date "2014.11.02"]
[Round "2.6"]
[White "Geyer, Bernhard"]
[Black "Gross, Willi"]
[Result "1-0"]
[WhiteElo "2183"]
[BlackElo "2061"]
[PlyCount "111"]
[EventDate "2014.10.12"]
[EventType "team-tourn"]
[EventRounds "9"]
[EventCountry "GER"]
[SourceTitle "EXT 2022"]
[Source "ChessBase"]
[SourceDate "2021.10.06"]
[SourceVersion "1"]
[SourceVersionDate "2021.10.06"]
[SourceQuality "1"]
[WhiteTeam "Ladenburg"]
[BlackTeam "Bad Mergentheim II"]
[WhiteTeamCountry "GER"]
[BlackTeamCountry "GER"]

1. d4 d6 2. e4 Nf6 3. Bd3 e5 4. c3 Nbd7 5. Ne2 Be7 6. 0-0 0-0 7. f4 b6 8. Ng3 Re8 9. fxe5 dxe5 10. Nd2 Bb7 11. Nf3 Bf8 12. Bg5 Bd6 13. d5 h6 14. Bh4 g6 15. Bb5 Be7 16. Bxf6 Bxf6 17. Nd2 Bg5 18. Qf3 Qe7 19. Nb3 Rf8 20. Bxd7 Qxd7 21. c4 Ba6 22. Qc3 Qa4 23. Qxe5 Qxc4 24. Rf3 Rae8 25. Qd4 h5 26. Re1 h4 27. Nf1 Bh6 28. g3 Bg7 29. Qxc4 Bxc4 30. Rc1 Bxf1 31. Kxf1 Rxe4 32. Rxc7 hxg3 33. hxg3 f5 34. Rxa7 Rfe8 35. Rf2 Re1+ 36. Kg2 Rd1 37. Rb7 Rxd5 38. Rxb6 Kf7 39. Rc2 Re7 40. a4 Be5 41. Nc5 Bd4 42. b4 Bxc5 43. bxc5 Rc7 44. Rb5 Ke7 45. a5 Rc6 46. Kf3 g5 47. Rb7+ Kd8 48. Rg7 Rcxc5 49. Rxc5 Rxc5 50. a6 Ra5 51. a7 Ra3+ 52. Ke2 Kc8 53. Rxg5 Kb7 54. Kf2 Kxa7 55. Rxf5 Kb7 56. Rc5 1-0

[Event "Verbandsliga Nord Baden 1213"]
[Site "Baden"]
[Date "2013.03.03"]
[Round "7.4"]
[White "Drakulic, Aleksandar"]
[Black "Gross, Willi"]
[Result "0-1"]
[WhiteElo "2031"]
[BlackElo "2035"]
[PlyCount "60"]
[EventDate "2012.10.21"]
[EventType "team-tourn"]
[EventRounds "9"]
[EventCountry "GER"]
[SourceTitle "EXT 2014"]
[Source "ChessBase"]
[SourceDate "2013.11.20"]
[SourceVersion "1"]
[SourceVersionDate "2013.11.20"]
[SourceQuality "1"]
[WhiteTeam "Slavija KA"]
[BlackTeam "Bad Mergentheim II"]
[WhiteTeamCountry "GER"]
[BlackTeamCountry "GER"]

1. d4 Nf6 2. Nf3 g6 3. Bf4 Bg7 4. e3 0-0 5. Be2 c5 6. c3 d6 7. 0-0 Qc7 8. h3 b6 9. Na3 a6 10. Qb3 Nbd7 11. Ng5 b5 12. c4 b4 13. Nc2 h6 14. Nf3 e5 15. Bg3 a5 16. Nd2 Re8 17. a4 exd4 18. Bf3 Bb7 19. Bxb7 Qxb7 20. Bxd6 Qc6 21. Bh2 Ne4 22. Nxe4 Rxe4 23. f3 Ree8 24. e4 Bf8 25. Qd3 Bd6 26. Bxd6 Qxd6 27. b3 Qf4 28. Rad1 g5 29. Qd2 h5 30. Ne3 dxe3 0-1